00617 a2200169 450000500170000000800410001702000150005804000430007304100080011610000240012424501210014826000370026930000420030649000320034870000300038070000370041020180312141954.0131119s2001 ck a br|||| 00| 0 spa d a9580449902 aCO-BoUCMbspacJose A. Gerenad[Nuevo]00aspa1 aBourgeois, Paulette10aFranklin dice una mentiracPaulette bourgeois ; ilustraciones de Brenda Clark ; traducción de Ana Cristina Robledo c2001bNormaaBogotá (Colombia) a[32] páginasbilustraciones a color aDías felices con Franklin1 aClark, Brendaeilustrador1 aRobledo, Ana Cristinaetraductor